| 000 | 004940000a22001930004500 | ||
|---|---|---|---|
| 001 | 002281 | ||
| 003 | MACL | ||
| 005 | 20150913155304.0 | ||
| 008 | 150913b xxu||||| |||| 00| 0 eng d | ||
| 040 |
_aMACL _cMACL |
||
| 041 | _aEnglish | ||
| 082 | _a823/HAN | ||
| 100 |
_aHanh, Thich nhat _910908 |
||
| 245 |
_aTeaching on Love _bNobel Peace Prize Nominee _cThich nhat Hanh |
||
| 260 |
_aNew Delhi _c2005 _bFull Circle, |
||
| 350 | _a125 | ||
| 650 |
_aLiterature _910909 |
||
| 942 |
_k823 _cBK _2ddc |
||
| 999 |
_c14193 _d14193 |
||